| 000 | 00415nam a22001457a 4500 | ||
|---|---|---|---|
| 020 | _a9789353062033 | ||
| 082 | _a005.133 | ||
| 100 | _aPaul Deitel, Harvey Deitel | ||
| 245 |
_aJava how to program: early objects _cPaul Deitel, Harvey Deitel |
||
| 250 | _a11th edition | ||
| 260 |
_aIndia _bPearson education _c2018 |
||
| 300 | _a1286p | ||
| 942 |
_2ddc _cBK |
||
| 999 |
_c554519 _d554519 |
||